| Tag |
First Indicator |
Second Indicator |
Subfields |
| LEADER |
00000cam a2200000 a 4500 |
| 001 |
in00000032116 |
| 005 |
20151007055040.0 |
| 008 |
861209s1987 ohua s00110 eng |
| 010 |
|
|
|a 86031192
|
| 020 |
|
|
|a 0814204333
|
| 035 |
|
|
|a (OCoLC)15016071
|
| 035 |
|
|
|9 AAB7081AM
|
| 040 |
|
|
|a DLC
|c DLC
|d m/c
|d TXA
|d UtOrBLW
|
| 049 |
|
|
|a TXAM
|c [A11535447]
|
| 050 |
0 |
0 |
|a PN1998.A3
|b B8746 1987
|
| 082 |
0 |
|
|a 791.43/0233/0924
|2 19
|
| 100 |
1 |
|
|a Sandro, Paul.
|
| 245 |
1 |
0 |
|a Diversions of pleasure :
|b Luis Buñuel and the crises of desire /
|c Paul Sandro.
|
| 264 |
|
1 |
|a Columbus :
|b Ohio State University Press,
|c [1987]
|
| 264 |
|
4 |
|c ©1987
|
| 300 |
|
|
|a x, 172 pages :
|b illustrations ;
|c 23 cm.
|
| 336 |
|
|
|a text
|b txt
|2 rdacontent
|
| 337 |
|
|
|a unmediated
|b n
|2 rdamedia
|
| 338 |
|
|
|a volume
|b nc
|2 rdacarrier
|
| 500 |
|
|
|a Includes index.
|
| 600 |
1 |
0 |
|a Buñuel, Luis,
|d 1900-1983
|x Criticism and interpretation.
|
| 999 |
|
|
|a MARS
|
| 999 |
f |
f |
|s 483bb82e-ec08-3f91-9a85-008c7db32ee7
|i a509edd2-c0f4-3e86-a4ce-14ff77fe2221
|t 0
|
| 952 |
f |
f |
|p normal
|a Texas A&M University
|b College Station
|c Sterling C. Evans Library
|d Evans: Library Stacks
|t 0
|e PN1998.A3 B8746 1987
|h Library of Congress classification
|i unmediated -- volume
|m A14811535447
|
| 998 |
f |
f |
|a PN1998.A3 B8746 1987
|t 0
|l Evans: Library Stacks
|